000 00395nam a2200133Ia 4500
008 221030s9999 xx 000 0 und d
041 _aEnglish
100 _aCDM - College of Defence Mangement
245 0 _aQunatitative Aids to Decision Making
_cby CDM - College of Defence Mangement
260 _bDefence Management
_aSecunderabad
_c1995
300 _a94
650 _aManagement
942 _cBK
999 _c18409
_d18409